000 00564nam a2200217Ia 4500
003 OSt
005 20220928140519.0
006 a|||||r|||| 00| 0
007 ta
008 220927b |||||||| |||| 00| 0 eng d
024 _a9111
037 _cTextual
040 _aSDCL
_cSDCL
_beng
041 _2eng
_aeng
082 _aD6,8(B),45d, M3
100 _aSignetics California
_9495633
245 0 _aMos microprocessor data manual 1983
260 _c1983
942 _hD6,8(B),45d, M3
_cTEXL
_2CC
999 _c811859
_d811859